000 nam a22 7a 4500
999 _c7325
_d7325
008 170812b xxu||||| |||| 00| 0 eng d
020 _a9781730153174
100 _aRao Govinda
_93863
245 _aInformatics practices class XI
260 _aNew delhi
_bDreamland Publication
_c2001